| 000 | 00328nam a2200097Ia 4500 | ||
|---|---|---|---|
| 082 | _a363.110968|OCCU | ||
| 245 | 0 | _aOccupational safety & health (OSH) : a TQM & quality of work life approach | |
| 100 |
_a Steenkamp, Rigard Cape Town, South Africa, 2013 _963528 |
||
| 942 | _cBK | ||
| 008 | 210817s9999 xx 000 0 und d | ||
| 999 |
_c201337 _d201336 |
||